000 00509nam a2200169 i 4500
001 147385
003 ES-MaACL
005 20230906201954.0
007 t|
008 070928s1977 ch ||||1| eng d
080 _a908(520)
245 0 0 _aUnderstanding Japan /
_cby the editors of Time-Life Books.
260 _aTokyo :
_bInternational Society for Educational Information,
_c[1977]
300 _a98 p. :
_bil. ;
_c26 cm.
651 4 _aJapón-
_xDescripción.
_98884
852 _aES-MaACL
_jA-9924
_bR.98159
999 _c147385
_d147385